Meeting the Objectives of Smart Growth in Slovakia in the Context of the Europe 2020 Strategy and the Agenda 2030

Plnenie národných cieľov Stratégie Európa 2020 pre Slovensko v oblasti inteligentného rastu. Celoživotné vzdelávanie v kontexte Agendy 2030. Vybrané témy a súčasné úlohy inovácie na Slovensku.

Enregistré dans:
Détails bibliographiques
Auteur principal: Gonda, Vladimír
Format: Chapitre de livre
Langue:anglais
Sujets:
Tags: Ajouter un tag
Pas de tags, Soyez le premier à ajouter un tag!

MARC

LEADER 00000naa$a2200000$$$4500
001 0248575
005 20240712110710.0
041 0 |a eng 
044 |a CZ 
245 1 0 |a Meeting the Objectives of Smart Growth in Slovakia in the Context of the Europe 2020 Strategy and the Agenda 2030  |c Vladimír Gonda 
520 |a Plnenie národných cieľov Stratégie Európa 2020 pre Slovensko v oblasti inteligentného rastu. Celoživotné vzdelávanie v kontexte Agendy 2030. Vybrané témy a súčasné úlohy inovácie na Slovensku. 
610 2 0 |a vzdelávanie 
610 2 0 |a vzdelávanie celoživotné 
610 2 0 |a vzdelanie 
610 2 0 |a vzdelanosť 
610 2 0 |a financovanie 
610 2 0 |a financovanie vývoja 
610 2 0 |a výskum 
610 2 0 |a rast hospodársky 
610 2 0 |a rozvoj trvalo udržateľný 
610 2 0 |a inovácia 
610 2 0 |a Európska únia 
610 2 0 |a Slovensko 
100 1 |a Gonda, Vladimír